000 01162nam a22002411a 4500
999 _c12335
_d12335
001 12335
003 OSt
005 20260204212322.0
008 150526s2014||||dr ||||||b||||||||||spa||
090 _aESP-GCE 2014 C17
100 1 _aCastillo Adames, Hiralda Altagracia
_esustentante
245 1 _aDiseño de políticas administrativas internas para el manejo de la subvención que recibe el centro básico Juan Francisco Adames Abreu del Ministerio de Educación / Hiralda Altagracia Castillo Adames, Yvelise Tejada Marte ; asesor Marién Emilio Acosta
260 _aCotuí, República Dominicana :
_bUTECO,
_c2014
300 _a21 hojas
502 _aTesis (Planificación y Gestión de Centros Educativos)--Universidad Tecnológica del Cibao Oriental, 2014.
504 _aincluye referencia bibliográfica e índice
650 4 _aDiseño de políticas administrativas
700 1 _aCastillo Adames, Hiralda Altagracia
_esustentante
700 1 _aTejada Marte, Yvelise
_esustentante
700 1 _aAcosta, Marién Emilio
_easesor
830 _aTesis y disertaciones académicas (Universidad Tecnológica del Cibao Oriental)
942 _2LC
_cTH